WSL 24/25 Players - Statistics

General Stats
  • This quiz has been taken 327 times
  • The average score is 105 of 316
Answer Stats
Group Answer % Correct
ARSENAL Alessia Russo
95%
ARSENAL Katie McCabe
93%
ARSENAL Leah Williamson
91%
TOTTENHAM Lenna Gunning-Williams
88%
ARSENAL Naomi Williams
88%
MANCHESTER UNITED Rachel Williams
88%
CHELSEA Millie Bright
87%
ARSENAL Beth Mead
86%
ARSENAL Caitlin Foord
86%
ARSENAL Chloe Kelly
85%
CHELSEA Hannah Hampton
84%
ARSENAL Kyra Cooney-Cross
84%
ARSENAL Steph Catley
84%
CHELSEA Lucy Bronze
81%
CHELSEA | LIVERPOOL Sam Kerr
81%
ARSENAL Mariona Caldentey
80%
MANCHESTER CITY Vivianne Miedema
80%
MANCHESTER UNITED Ella Toone
79%
ARSENAL Kim Little
79%
ARSENAL Stina Blackstenius
79%
ARSENAL Emily Fox
78%
LIVERPOOL Olivia Smith
78%
CHELSEA Keira Walsh
77%
ARSENAL Lotte Wubben-Moy
77%
CHELSEA Lauren James
76%
CHELSEA Aggie Beever-Jones
75%
WEST HAM Kirsty Smith
75%
WEST HAM Megan Walsh
75%
WEST HAM Soraya Walsh
75%
CRYSTAL PALACE Josie Green
74%
ARSENAL Daphne Van Domselaar
73%
CHELSEA Jorja Fox
73%
CHELSEA Niamh Charles
73%
CHELSEA Guro Reiten
72%
ARSENAL Lia Walti
71%
CHELSEA Erin Cuthbert
70%
ARSENAL Manuela Zinsberger
69%
ARSENAL Victoria Pelova
68%
ASTON VILLA Rachel Daly
67%
MANCHESTER CITY Jess Park
66%
MANCHESTER CITY Lauren Hemp
66%
MANCHESTER CITY Alex Greenwood
64%
ARSENAL Frida Maanum
63%
ARSENAL Katie Reid
63%
MANCHESTER UNITED Grace Clinton
62%
MANCHESTER CITY Khadija Shaw
61%
MANCHESTER UNITED Millie Turner
61%
CHELSEA Sandy Baltimore
61%
TOTTENHAM Charlotte Grant
60%
ASTON VILLA Chasity Grant
60%
CHELSEA Johanna Rytting Kaneryd
60%
MANCHESTER CITY Kerstin Casparij
60%
LIVERPOOL Zara Shaw
60%
ARSENAL Laia Codina
59%
CHELSEA Naomi Girma
57%
TOTTENHAM Amy James-Turner
56%
BRIGHTON Fran Kirby
56%
MANCHESTER CITY Laura Blindkilde Brown
56%
CHELSEA Sjoeke Nusken
56%
ASTON VILLA Dan Turner
55%
MANCHESTER CITY Khiara Keating
55%
CHELSEA Lola Brown
55%
MANCHESTER UNITED Maya Le Tissier
55%
BRIGHTON Michelle Agyemang
55%
CHELSEA Nathalie Bjorn
55%
LIVERPOOL Faye Kirby
54%
WEST HAM Katrina Gorry
54%
CHELSEA Wieke Kaptein
53%
CHELSEA Maika Hamano
52%
MANCHESTER CITY Mary Fowler
52%
CHELSEA Vera Jones
51%
MANCHESTER CITY Yui Hasegawa
51%
TOTTENHAM Hayley Raso
49%
ARSENAL Lina Hurtig
49%
MANCHESTER UNITED Phallon Tullis-Joyce
49%
TOTTENHAM Bethany England
48%
CHELSEA Katie Cox
48%
CHELSEA Catarina Macario
47%
MANCHESTER UNITED Gabby George
47%
LIVERPOOL Taylor Hinds
47%
LEICESTER CITY Asmita Ale
45%
CHELSEA Mayra Ramirez
45%
ARSENAL Rosa Kafaji
45%
MANCHESTER UNITED Celin Bizet
43%
TOTTENHAM Drew Spence
43%
CHELSEA Becky Spencer
42%
MANCHESTER CITY Codie Thomas
42%
TOTTENHAM Martha Thomas
42%
MANCHESTER UNITED Melvine Malard
42%
BRIGHTON Nikita Parris
42%
CHELSEA Ashley Lawrence
41%
ARSENAL Jenna Nighswonger
41%
MANCHESTER CITY Jill Roord
41%
WEST HAM Kristie Mewis
41%
EVERTON Lauren Thomas
41%
CHELSEA Oriane Jean-Francois
41%
ASTON VILLA Lucy Parker
40%
ARSENAL Amanda Ilestedt
39%
ASTON VILLA Jordan Nobbs
39%
ASTON VILLA Miri Taylor
39%
CHELSEA Zecira Musovic
39%
EVERTON Clare Wheeler
38%
TOTTENHAM Clare Hunt
37%
LEICESTER CITY Courtney Nevin
37%
EVERTON Heather Payne
36%
EVERTON Toni Payne
36%
TOTTENHAM Ashleigh Neville
35%
MANCHESTER CITY Ayaka Yamashita
35%
EVERTON Courtney Brosnan
35%
ASTON VILLA Anna Patten
34%
MANCHESTER UNITED Elisabeth Terland
34%
CRYSTAL PALACE Hope Thompson
34%
BRIGHTON Caitlin Hayes
33%
TOTTENHAM Jessica Naz
33%
CHELSEA Brooke Aspin
32%
LIVERPOOL Jenna Clark
32%
LEICESTER CITY Olivia Clark
32%
LEICESTER CITY Sophie Howard
32%
MANCHESTER CITY Aoba Fujino
31%
CHELSEA Maelys Mpome
31%
MANCHESTER UNITED Safia Middleton-Patel
31%
MANCHESTER UNITED Dominique Janssen
30%
ASTON VILLA Kirsty Hanson
30%
CRYSTAL PALACE Lexi Potter
30%
BRIGHTON Maisie Symonds
30%
CHELSEA Sophie Ingle
30%
CHELSEA Kadeisha Buchanan
29%
MANCHESTER CITY Laura Coombs
29%
EVERTON Karen Holmgaard
28%
MANCHESTER CITY Laura Wienroither
28%
MANCHESTER UNITED Leah Galton
28%
CHELSEA Mia Fishel
28%
ASTON VILLA Sabrina D'Angelo
28%
EVERTON Sara Holmgaard
28%
LIVERPOOL Grace Fisk
27%
LIVERPOOL Jasmine Matthews
27%
ASTON VILLA Katie Robinson
27%
EVERTON Kelly Gago
27%
MANCHESTER CITY Lily Murphy
27%
BRIGHTON Maria Thorisdottir
27%
ASTON VILLA Missy Bo Kearns
27%
MANCHESTER CITY Rebecca Knaak
27%
LEICESTER CITY Shannon O'Brien
27%
LIVERPOOL Gemma Evans
26%
MANCHESTER CITY Gracie Prior
26%
TOTTENHAM Lize Kop
26%
MANCHESTER UNITED Anna Sandberg
25%
CRYSTAL PALACE Chloe Arthur
25%
EVERTON Emma Watson
25%
MANCHESTER CITY Laia Aleixandri
25%
MANCHESTER CITY Leila Ouahabi
25%
LIVERPOOL Teagan Micah
25%
BRIGHTON Bex Rayner
24%
BRIGHTON Dejana Stefanovic
24%
LEICESTER CITY Hannah Cain
24%
LEICESTER CITY Missy Goodwin
24%
CRYSTAL PALACE My Cato
24%
BRIGHTON Charlie Rule
23%
ASTON VILLA Ebony Salmon
23%
TOTTENHAM Ella Morris
23%
MANCHESTER UNITED Hannah Blundell
23%
MANCHESTER CITY Katie Startup
23%
MANCHESTER UNITED Keira Barry
23%
MANCHESTER UNITED Lisa Naalsund
23%
BRIGHTON Madison Haley
23%
BRIGHTON Poppy Pattinson
23%
LEICESTER CITY Ruby Mace
23%
ASTON VILLA Sarah Mayling
23%
MANCHESTER CITY Tara O'Hanlon
23%
CRYSTAL PALACE Annis-Clara Wright
22%
MANCHESTER UNITED Aoife Mannion
22%
CHELSEA Femke Liefting
22%
LIVERPOOL Fuka Nagano
22%
MANCHESTER UNITED Hinata Miyazawa
22%
CRYSTAL PALACE Izzy Atkinson
22%
LIVERPOOL Mia Enderby
22%
CRYSTAL PALACE Molly-Mae Sharpe
22%
CRYSTAL PALACE Aimee Everett
21%
LEICESTER CITY Deanne Rose
21%
CRYSTAL PALACE Indiah-Paige Riley
21%
MANCHESTER UNITED Jayde Riviere
21%
BRIGHTON Kiko Seike
21%
BRIGHTON Nadine Noordam
21%
ASTON VILLA Paula Tomás
21%
LIVERPOOL Rachael Laws
21%
BRIGHTON Rachel McLauchlan
21%
MANCHESTER CITY Risa Shimizu
21%
LIVERPOOL Yana Daniels
21%
CRYSTAL PALACE Abbie Larkin
20%
BRIGHTON Bruna Vilamala
20%
LIVERPOOL Ceri Holland
20%
WEST HAM Emma Harries
20%
ASTON VILLA Gabi Nunes
20%
LEICESTER CITY Hlin Eiriksdottir
20%
EVERTON Honoka Hayashi
20%
EVERTON Issy Hobson
20%
MANCHESTER CITY Kerolin Nicoli
20%
BRIGHTON Marisa Olislagers
20%
ASTON VILLA Maz Pacheco
20%
EVERTON Megan Finnigan
20%
LIVERPOOL Niamh Fahey
20%
MANCHESTER UNITED Simi Awujo
20%
BRIGHTON Sophie Baggaley
20%
WEST HAM Viviane Asseyi
20%
CRYSTAL PALACE Annabel Blanchard
19%
TOTTENHAM Eleanor Heeps
19%
EVERTON Hayley Ladd
19%
CRYSTAL PALACE Hayley Nolan
19%
LEICESTER CITY Janice Cayman
19%
WEST HAM Marnie Morrison
19%
MANCHESTER CITY Naomi Layzell
19%
WEST HAM Shekiera Martinez
19%
CRYSTAL PALACE Ashleigh Weerden
18%
CRYSTAL PALACE Elise Hughes
18%
LIVERPOOL Gemma Bonner
18%
BRIGHTON Guro Bergsvand
18%
EVERTON Martina Fernandez
18%
ASTON VILLA Noelle Maritz
18%
TOTTENHAM Kit Graham
17%
TOTTENHAM Matilda Vinberg
17%
TOTTENHAM Olivia Holdt
17%
ASTON VILLA Rachel Corsie
17%
LEICESTER CITY Yuka Momiki
17%
LEICESTER CITY CJ Bott
16%
WEST HAM Daniella Way
16%
WEST HAM Eva Nystrom
16%
MANCHESTER CITY Eve Annets
16%
MANCHESTER CITY Eve O'Carroll
16%
LEICESTER CITY Janina Leitzig
16%
BRIGHTON Jelena Cankovic
16%
EVERTON Kenzie Weir
16%
LIVERPOOL Leanne Kiernan
16%
EVERTON Lucy Hope
16%
ASTON VILLA Lucy Staniforth
16%
TOTTENHAM Maite Oroz
16%
EVERTON Maren Mjelde
16%
CRYSTAL PALACE Milla-Maj Majasaari
16%
TOTTENHAM Molly Bartrip
16%
MANCHESTER CITY Oemu Oyama
16%
WEST HAM Oona Siren
16%
BRIGHTON Pauline Bremer
16%
BRIGHTON Vicky Losada
16%
TOTTENHAM Amanda Nilden
15%
EVERTON Emily Ramsey
15%
TOTTENHAM Eveliina Summanen
15%
EVERTON Karoline Olesen
15%
WEST HAM Macey Nicholls
15%
BRIGHTON Melina Loeck
15%
CRYSTAL PALACE Ria Oling
15%
CRYSTAL PALACE Shanade Hopcroft
15%
CRYSTAL PALACE Allyson Swaby
14%
WEST HAM Anouk Denton
14%
LEICESTER CITY Chantelle Swaby
14%
LIVERPOOL Cornelia Kapocs
14%
WEST HAM Dagny Brynjarsdottir
14%
EVERTON Elise Stenevik
14%
WEST HAM Jezz Ziu
14%
LEICESTER CITY Julie Thibaud
14%
CRYSTAL PALACE Lily Woodham
14%
BRIGHTON Marit Auee
14%
LEICESTER CITY Noemie Mouchon
14%
LIVERPOOL Sofie Lundgaard
14%
LIVERPOOL Alejandra Bernabe
13%
CRYSTAL PALACE Aniek Nouwen
13%
EVERTON Aurora Galli
13%
LEICESTER CITY Denny Draper
13%
MANCHESTER UNITED Evie Rabjohn
13%
CRYSTAL PALACE Felicity Gibbons
13%
BRIGHTON Jorelyn Carabali
13%
EVERTON Justine Vanhaevermaet
13%
CRYSTAL PALACE Katie Stengel
13%
MANCHESTER UNITED Kayla Rendell
13%
LEICESTER CITY Lena Petermann
13%
EVERTON Louna Ribadeira
13%
LIVERPOOL Lucy Parry
13%
LIVERPOOL Marie Hobinger
13%
LEICESTER CITY Sam Tierney
13%
CRYSTAL PALACE Shae Yanez
13%
LIVERPOOL Sophie Roman Haug
13%
EVERTON Veatriki Sarri
13%
WEST HAM Verena Hanshaw
13%
EVERTON Melissa Lawley
12%
CRYSTAL PALACE Mille Gejl
12%
EVERTON Rikke Madsen
12%
WEST HAM Riko Ueki
12%
TOTTENHAM Rosella Ayane
12%
CRYSTAL PALACE Rosie Rowe
12%
LEICESTER CITY Sari Kees
12%
WEST HAM Amber Tysiak
11%
CRYSTAL PALACE Clarissa Larisey
11%
LIVERPOOL Julia Bartel
11%
LEICESTER CITY Jutta Rantala
11%
LEICESTER CITY Karla Torres
11%
EVERTON Katja Snoeijs
11%
CRYSTAL PALACE Katrine Veje
11%
TOTTENHAM Olga Ahtinen
11%
LEICESTER CITY Shana Chossenotte
11%
CRYSTAL PALACE Tecla Ezeh
11%
BRIGHTON Aisha Masaka
10%
EVERTON Inma Gabarro
10%
ASTON VILLA Jill Baijings
10%
TOTTENHAM Josefine Rybrink
10%
ASTON VILLA Katelin Talbert
10%
WEST HAM Kinga Szemik
10%
WEST HAM Princess Ademiluyi
10%
LEICESTER CITY Saori Takarada
10%
WEST HAM Shelina Zadorsky
10%
TOTTENHAM Anna Csiki
9%
LIVERPOOL Hannah Silcock
9%
WEST HAM Li Mengwen
9%
TOTTENHAM Luana Buhler
9%
WEST HAM Manuela Pavi
9%
WEST HAM Marika Bergman Lundin
9%
WEST HAM Seraina Piubel
9%
WEST HAM Camila Saez
7%
No matching quizzes found
Score Distribution
Percent of People with Each Score
Percentile by Number Answered
Your Score History
You have not taken this quiz